<?xml version="1.0" encoding="UTF-8"?>
<record
    xmlns:xsi="http://www.w3.org/2001/XMLSchema-instance"
    xsi:schemaLocation="http://www.loc.gov/MARC21/slim http://www.loc.gov/standards/marcxml/schema/MARC21slim.xsd"
    xmlns="http://www.loc.gov/MARC21/slim">

  <leader>00750nam a22001937a 4500</leader>
  <datafield tag="999" ind1=" " ind2=" ">
    <subfield code="c">194193</subfield>
    <subfield code="d">194193</subfield>
  </datafield>
  <controlfield tag="005">20230127145106.0</controlfield>
  <datafield tag="010" ind1=" " ind2=" ">
    <subfield code="a">B-747215-222                        E.N.A./7.11.22</subfield>
  </datafield>
  <datafield tag="020" ind1=" " ind2=" ">
    <subfield code="a">9781942426745</subfield>
    <subfield code="c">299.00</subfield>
  </datafield>
  <datafield tag="035" ind1=" " ind2=" ">
    <subfield code="a">B-747215-222</subfield>
  </datafield>
  <datafield tag="037" ind1=" " ind2=" ">
    <subfield code="b">AKPD</subfield>
  </datafield>
  <datafield tag="082" ind1=" " ind2=" ">
    <subfield code="a">726.145</subfield>
  </datafield>
  <datafield tag="100" ind1=" " ind2=" ">
    <subfield code="a">Sengupta, Chandni</subfield>
  </datafield>
  <datafield tag="245" ind1=" " ind2=" ">
    <subfield code="a">Reclaiming Hindu Temples:</subfield>
    <subfield code="b">Episodes from an Oppressive Era/</subfield>
    <subfield code="c">Chandni Sengupta</subfield>
  </datafield>
  <datafield tag="260" ind1=" " ind2=" ">
    <subfield code="a">Gurugram</subfield>
    <subfield code="b">Garuda Prakashan</subfield>
    <subfield code="c">2021</subfield>
  </datafield>
  <datafield tag="270" ind1=" " ind2=" ">
    <subfield code="a">Gurugram</subfield>
    <subfield code="b">Gurugram</subfield>
  </datafield>
  <datafield tag="300" ind1=" " ind2=" ">
    <subfield code="a">227p.</subfield>
    <subfield code="c">20cm(pbk)</subfield>
  </datafield>
  <datafield tag="942" ind1=" " ind2=" ">
    <subfield code="2">ddc</subfield>
    <subfield code="c">EN</subfield>
    <subfield code="m">SEN</subfield>
    <subfield code="h">726.145</subfield>
  </datafield>
  <datafield tag="952" ind1=" " ind2=" ">
    <subfield code="0">0</subfield>
    <subfield code="1">0</subfield>
    <subfield code="4">0</subfield>
    <subfield code="7">0</subfield>
    <subfield code="8">NFIC</subfield>
    <subfield code="a">L</subfield>
    <subfield code="b">L</subfield>
    <subfield code="d">2023-01-27</subfield>
    <subfield code="e">AKPD/A-22/28.11.22/147/23.11.22/2.12.22</subfield>
    <subfield code="g">299.00</subfield>
    <subfield code="l">0</subfield>
    <subfield code="o">726.145 SEN</subfield>
    <subfield code="p">B-747215</subfield>
    <subfield code="r">2023-01-27 00:00:00</subfield>
    <subfield code="t">1</subfield>
    <subfield code="v">299.00</subfield>
    <subfield code="w">2023-01-27</subfield>
    <subfield code="y">EN</subfield>
  </datafield>
  <datafield tag="952" ind1=" " ind2=" ">
    <subfield code="0">0</subfield>
    <subfield code="1">0</subfield>
    <subfield code="4">0</subfield>
    <subfield code="7">0</subfield>
    <subfield code="8">NFIC</subfield>
    <subfield code="a">AV</subfield>
    <subfield code="b">AV</subfield>
    <subfield code="d">2023-01-27</subfield>
    <subfield code="e">AKPD/A-22/28.11.22/147/23.11.22/2.12.22</subfield>
    <subfield code="g">299.00</subfield>
    <subfield code="l">0</subfield>
    <subfield code="o">726.145 SEN</subfield>
    <subfield code="p">B-747216</subfield>
    <subfield code="r">2023-01-27 00:00:00</subfield>
    <subfield code="t">1</subfield>
    <subfield code="v">299.00</subfield>
    <subfield code="y">EN</subfield>
  </datafield>
  <datafield tag="952" ind1=" " ind2=" ">
    <subfield code="0">0</subfield>
    <subfield code="1">0</subfield>
    <subfield code="4">0</subfield>
    <subfield code="7">0</subfield>
    <subfield code="8">NFIC</subfield>
    <subfield code="a">BL1</subfield>
    <subfield code="b">BL1</subfield>
    <subfield code="d">2023-01-27</subfield>
    <subfield code="e">AKPD/A-22/28.11.22/147/23.11.22/2.12.22</subfield>
    <subfield code="g">299.00</subfield>
    <subfield code="l">1</subfield>
    <subfield code="o">726.145 SEN</subfield>
    <subfield code="p">B-747217</subfield>
    <subfield code="r">2023-09-13 00:00:00</subfield>
    <subfield code="s">2023-08-29</subfield>
    <subfield code="t">1</subfield>
    <subfield code="v">299.00</subfield>
    <subfield code="y">EN</subfield>
  </datafield>
  <datafield tag="952" ind1=" " ind2=" ">
    <subfield code="0">0</subfield>
    <subfield code="1">0</subfield>
    <subfield code="4">0</subfield>
    <subfield code="7">0</subfield>
    <subfield code="8">NFIC</subfield>
    <subfield code="a">ZLS</subfield>
    <subfield code="b">ZLS</subfield>
    <subfield code="d">2023-01-27</subfield>
    <subfield code="e">AKPD/A-22/28.11.22/147/23.11.22/2.12.22</subfield>
    <subfield code="g">299.00</subfield>
    <subfield code="l">3</subfield>
    <subfield code="m">1</subfield>
    <subfield code="o">726.145 SEN</subfield>
    <subfield code="p">B-747218</subfield>
    <subfield code="r">2026-03-14 00:00:00</subfield>
    <subfield code="s">2026-02-28</subfield>
    <subfield code="t">1</subfield>
    <subfield code="v">299.00</subfield>
    <subfield code="y">EN</subfield>
  </datafield>
  <datafield tag="952" ind1=" " ind2=" ">
    <subfield code="0">0</subfield>
    <subfield code="1">0</subfield>
    <subfield code="4">0</subfield>
    <subfield code="7">0</subfield>
    <subfield code="8">NFIC</subfield>
    <subfield code="a">VP</subfield>
    <subfield code="b">VP</subfield>
    <subfield code="d">2023-01-27</subfield>
    <subfield code="e">AKPD/A-22/28.11.22/147/23.11.22/2.12.22</subfield>
    <subfield code="g">299.00</subfield>
    <subfield code="l">1</subfield>
    <subfield code="o">726.145 SEN</subfield>
    <subfield code="p">B-747219</subfield>
    <subfield code="r">2023-07-03 00:00:00</subfield>
    <subfield code="s">2023-06-15</subfield>
    <subfield code="t">1</subfield>
    <subfield code="v">299.00</subfield>
    <subfield code="y">EN</subfield>
  </datafield>
  <datafield tag="952" ind1=" " ind2=" ">
    <subfield code="0">0</subfield>
    <subfield code="1">0</subfield>
    <subfield code="4">0</subfield>
    <subfield code="7">0</subfield>
    <subfield code="8">NFIC</subfield>
    <subfield code="a">NR</subfield>
    <subfield code="b">NR</subfield>
    <subfield code="d">2023-01-27</subfield>
    <subfield code="e">AKPD/A-22/28.11.22/147/23.11.22/2.12.22</subfield>
    <subfield code="g">299.00</subfield>
    <subfield code="l">0</subfield>
    <subfield code="o">726.145 SEN</subfield>
    <subfield code="p">B-747220</subfield>
    <subfield code="r">2023-01-27 00:00:00</subfield>
    <subfield code="t">1</subfield>
    <subfield code="v">299.00</subfield>
    <subfield code="y">EN</subfield>
  </datafield>
  <datafield tag="952" ind1=" " ind2=" ">
    <subfield code="0">0</subfield>
    <subfield code="1">0</subfield>
    <subfield code="4">0</subfield>
    <subfield code="7">0</subfield>
    <subfield code="8">NFIC</subfield>
    <subfield code="a">BN</subfield>
    <subfield code="b">BN</subfield>
    <subfield code="d">2023-01-27</subfield>
    <subfield code="e">AKPD/A-22/28.11.22/147/23.11.22/2.12.22</subfield>
    <subfield code="g">299.00</subfield>
    <subfield code="l">0</subfield>
    <subfield code="o">726.145 SEN</subfield>
    <subfield code="p">B-747221</subfield>
    <subfield code="r">2023-01-27 00:00:00</subfield>
    <subfield code="t">1</subfield>
    <subfield code="v">299.00</subfield>
    <subfield code="y">EN</subfield>
  </datafield>
  <datafield tag="952" ind1=" " ind2=" ">
    <subfield code="0">0</subfield>
    <subfield code="1">0</subfield>
    <subfield code="4">0</subfield>
    <subfield code="7">0</subfield>
    <subfield code="8">NFIC</subfield>
    <subfield code="a">BL4</subfield>
    <subfield code="b">BL4</subfield>
    <subfield code="d">2023-01-27</subfield>
    <subfield code="e">AKPD/A-22/28.11.22/147/23.11.22/2.12.22</subfield>
    <subfield code="g">299.00</subfield>
    <subfield code="l">1</subfield>
    <subfield code="o">726.145 SEN</subfield>
    <subfield code="p">B-747222</subfield>
    <subfield code="r">2025-06-17 00:00:00</subfield>
    <subfield code="s">2025-06-03</subfield>
    <subfield code="t">1</subfield>
    <subfield code="v">299.00</subfield>
    <subfield code="y">EN</subfield>
  </datafield>
</record>
